00558nam a2200181Ia 450000500170000000800460001703700120006304000210007504100130009608400230010910000110013224500220014326000520016530000090021794200230022699900210024995201060027020250508152504.0008 250505s9999 xx 000 0 hin d aTextual aFEDL bengcFEDL ahin2hin a891.431, ANNqFEDL aAnchal 0aVarshant ke badal aAllahabad, IndiabSahitya Bhawan Limited c1957 a92p. cTEXLh891.431, ANN c1336750d1336750 00104070aFEDLbFEDLd2025-05-08l0o891.431, ANNpEL0018772r2025-05-08 15:25:04w2025-05-08yTEXL